000 01676nam2a2200241 4500
001 rc\2890632
005 20260315053002.0
035 _a(NLR Aleph) 007042950
090 _a13588088
_c13588088
100 _a20110726d1931 u y0rusy50 ca
101 0 _arus
102 _aRU
105 _ay z |||||
200 1 _aОрганизация борьбы с венерическими заболеваниями в совхозах и колхозах
210 _d1931
423 0 _12001#$aДиагностика, Профилактика и терапия детской и женской гонореи в условиях сельской практики
_1700#1$aЕлистратова$4070
_tДиагностика, Профилактика и терапия детской и женской гонореи в условиях сельской практики
_aЕлистратова
461 0 _1001rc\2890631
_12001#$aБорьба с венерическими заболеваниями$eЦикл. Лекция 1-6$fИн-т заоч. обуч. Наркомздрава РСФСР. Врачебное отд-ние$vЛекция 1, 2 и 3
_96115209
_aРСФСР. Народный комиссариат здравоохранения
_cМосква
_d1931-1932
_fИн-т заоч. обуч. Наркомздрава РСФСР. Врачебное отд-ние
_nГос. мед. изд-во
_oЦикл. Лекция 1-6
_tБорьба с венерическими заболеваниями
_vЛекция 1, 2 и 3
700 1 _aГальперин
_bС.Е.
801 0 _aRU
_bNLR
_gpsbo
801 1 _aRU
_bELAR
_2rusmarc
852 _aNLR
_j32-18/270
942 _cUNSPEC
980 _aNB